000 00914nam a22003137a 4500
003 CHAP
005 20220817041146.0
008 971013s1992 r 00010 d
010 _a7618
011 _a8590
035 _a7819
040 _cCHAP
082 _a639.3
_bF76
110 _aFAO
245 _aSimple economics and bookkeeping for fish farmers
260 _aRome :
_bFAO,
_c1992
300 _a96 p.
_b: ilus
490 _aFAO. Capacitación
_v; 19
590 _aBATCH-UPD
_b10
_c20130110
_lUCH01
_h2135
590 _aBATCH-UPD
_b10
_c20130410
_lUCH01
_h1444
590 _aBATCH-UPD
_b10
_c20130914
_lUCH01
_h1643
590 _aCONVERSION
_b10
_c20130109
_lUCH01
_h1305
650 1 4 _aPiscicultura
_xContabilidad.
_988542
700 0 _aWilliams, Colin.
_9122031
830 0 _aFAO. Capacitación
_v; 19
_939463
901 _aBK
942 _cLIBRO
949 _a639.3 F76
_bBC
_cFAO
_d-17682
_eFAO1
_h84477
_i7819
_si
999 _c7618
_d7618